00304nam a2200121Ia 4500008004100000041000800041082001500049100001100064245003300075260003800108300001900146999001700165241015s9999 xx 000 0 und d aeng a613.71 MIS aMishra aMove Forward & Stay Involved bRaghav BooksaGhaziabad U.Pc2020 a232;. P. 22 cm c41617d41617